Estadísticas para Número de cosas - Opción múltiple #4

Haz click aquí para tomar la prueba!

Estadísticas generales

  • Esta prueba ha sido tomada 78 veces
  • La puntuación promedio es 6 de 12

Estadísticas de respuestas

PreguntaRespuesta% Correcto
¿Cuántos discípulos tenía Jesús?12
94%
¿Cuántos países sin salida al mar hay en las Américas (incluidos el sur y el norte)?2
77%
¿Cuántos presidentes de los Estados Unidos ha habido (en abril de 2019)?45
63%
¿Cuál es el número del título del libro de Orwell sobre la sociedad futurista y totalitaria?1984
60%
¿Cuántos soldados griegos lucharon contra el enorme ejército persa de Jerjes?300
60%
¿Cuántos presidentes ha tenido Rusia en total (en abril de 2019)?3
53%
¿Cuál es el número más desafortunado en Japón?9
50%
¿Cuántos países sin salida al mar hay en Europa?15
49%
¿Cuántos estados hay en Alemania?16
47%
¿Con qué número estaba obsesionado Jim Carrey en una película?23
36%
¿Cuántos miembros del clan Wu Tang ha habido (pasado y presente)?9
27%
¿Cuántos parlamentarios en el Parlamento de la Unión Europea?750
16%

Distribución de puntuación

Porcentaje por número respondido

Porcentaje de gente con cada puntuación

Historial de tus puntuaciones

No has tomado esta prueba